1191 1402 1800 1745 1492 1914 1458 1906 1452 1526 1156 1267 1085 1498 1359 1516 1961 1124 1204 1200 1668 1054 1008 1908 1759 1003 1076 1840 1399 1733 1465 1309 1167 1184 1303 1068 1499 1097 1083 1968 1437 1757 1243 1676 1935 1401 1658 1825 1145 1196 1395 1419 1388 1401 1521 1313 1340 1472 1668 1225 1558 1002 1337 1041 1837 1931 1504 1124 1867 1364 1895 1346 1748 1819 1967 1017 1671 1741 1847 1491 1020 1914 1771 1416 1564 1024 1457 1695 1188 1620 1558 1680 1657 1237 1202 1186 1149 1746 1138 BCNSPRNW ULIB Ver.6.0+V

เปลี่ยนเป็นภาษาไทย

Change to English
 แสดงรายละเอียดบรรณานุกรม
  กลับหน้าหลัก

Brief Record : Get Marc (ISO 2709) : E-mail record : QR code < ปิดหน้าต่าง
LEADER : 00000nam 2200000uu 4500
001    13399123384
003     ULIB
008    140903s0091||||th 000 0 tha d
099    วจWY18^bพ879ค
100 0  เพ็ญศรี ชุนใช้, ศิริพร จิรวัฒน์กุล, ดารุณี จงอุดมการณ์ และนิภา สนองชาติ
245 00 ความคิดเห็นของนักศึกษาต่อการศึกษาวิชาชีพการพยาบาลของคณะพยาบาลศาสตร์ มหาวิทยาลัยขอนแก่น/^cเพ็ญศรี ชุนใช้, ศิริพร จิรวัฒน์กุล, ดารุณี จงอุดมการณ์ และนิภา สนองชาติ
260    ขอนแก่น :^bคณะพยาบาลศาสตร์ มหาวิทยาลัยขอนแก่น,^c2533
300    66 หน้า
650  0 วิชาชีพการพยาบาล
945    ^p0^l0^i009112
999    ^aเกษร โพธิ์สุวรรณ
รายการนี้ยังไม่มีแท็ก
คุณยังไม่ได้ล็อกอิน คุณสามารถมีกิจกรรมร่วมกับเว็บไซต์ได้ แต่ต้องล็อกอินก่อน ::
  ล็อกอิน

รายการสื่อสารสนเทศ

ลำดับที่ ประเภท เลขเรียก/บาร์โค้ด สถานที่ สถานะ
1. งานวิจัย
งานวิจัย
วจWY18 พ879ค ฉ.1 
  Barcode: 009112
ห้องสมุดวิทยาเขตสวรรค์ประชารักษ์
►วิจัย
บนชั้น

รายการใกล้เคียง
    หัวเรื่อง [วิชาชีพการพยาบาล]

BibComment


ยังไม่เคยถูกคอมเมนท์

คอมเมนท์ทรัพยากรรายการนี้
  คอมเมนท์: ความคิดเห็นของนัก..


 Copyright 2026. Bcnsprnw @Library